| 000 | 00382ntaaa2200157 4500 | ||
|---|---|---|---|
| 003 | 01 | ||
| 005 | 20251027203058.0 | ||
| 008 | 0714s1973 ag 01 | ||
| 040 |
_aAR-BaBN _bspa _cAR-BaBN _eaacr _dRIC |
||
| 082 | _a980.0000 L664 | ||
| 100 |
_aLevillier, Roberto _932165 |
||
| 245 | _aRepertorio de los documentos historicos | ||
| 250 | _a1 ed. | ||
| 650 | _aAmerica Latina | ||
| 942 | _cBK | ||
| 999 |
_c26211 _d26211 |
||